000 00804nam a2200253Ia 4500
003 OSt
005 20220923220140.0
006 a|||||r|||| 00| 0
007 ta
008 220922b |||||||| |||| 00| 0 hin d
024 _a184,603
037 _cTextual
040 _aARTS
_cARTS
_bhin
041 _2hin
_ahin
082 _aO152,1NNA:g, N0
100 _aतिवारी, अजय
_9156278
245 0 _aनागार्जुन की कविता
246 _aNāgārjun kī kavitā
260 _aनई दिल्ली
_b वाणी प्रकाशन
_c1990
300 _a198 पृ.
_ccm.
650 _aहिन्दी साहित्य
_9156264
942 _hO152,1NNA:g, N0
_cTEXL
_2CC
999 _c337887
_d337887